[Event "Verbandsliga Suedbaden 1920"]
[Site "Baden"]
[Date "2021.07.25"]
[Round "9.3"]
[White "Malachowski, Margrit"]
[Black "Gross, Markus"]
[Result "1/2-1/2"]
[WhiteElo "2061"]
[BlackElo "2034"]
[PlyCount "34"]
[EventDate "2019.09.29"]
[EventType "team-tourn"]
[EventRounds "9"]
[EventCountry "GER"]
[SourceTitle "EXT 2021"]
[Source "ChessBase"]
[SourceDate "2020.10.23"]
[SourceVersion "1"]
[SourceVersionDate "2020.10.23"]
[SourceQuality "1"]
[WhiteTeam "Dreilaendereck II"]
[BlackTeam "Heitersheim"]
[WhiteTeamCountry "GER"]
[BlackTeamCountry "GER"]

1. e4 e6 2. d4 d5 3. Nd2 c5 4. exd5 Qxd5 5. Ndf3 cxd4 6. Qxd4 Qxd4 7. Nxd4 a6 8. g3 e5 9. Nb3 Bd7 10. Bg2 Bc6 11. Nf3 Bd6 12. 0-0 Ne7 13. Be3 Nd7 14. Rfd1 Bc7 15. Nc5 Nf5 16. Nxd7 Nxe3 17. fxe3 Bxd7 1/2-1/2

[Event "Verbandsliga Suedbaden 1819"]
[Site "Baden"]
[Date "2019.03.31"]
[Round "8.7"]
[White "Deutschmann, Matthias"]
[Black "Gross, Markus"]
[Result "1/2-1/2"]
[WhiteElo "2149"]
[BlackElo "2034"]
[PlyCount "56"]
[EventDate "2018.10.14"]
[EventType "team-tourn"]
[EventRounds "9"]
[EventCountry "GER"]
[SourceTitle "EXT 2020"]
[Source "ChessBase"]
[SourceDate "2019.10.17"]
[SourceVersion "1"]
[SourceVersionDate "2019.10.17"]
[SourceQuality "1"]
[WhiteTeam "Emmendingen II"]
[BlackTeam "Heitersheim"]
[WhiteTeamCountry "GER"]
[BlackTeamCountry "GER"]

1. Nf3 Nf6 2. g3 b6 3. Bg2 Bb7 4. 0-0 e6 5. b3 Be7 6. Bb2 0-0 7. c4 d5 8. Ne5 Nbd7 9. d4 c6 10. Nd2 Rc8 11. Rc1 c5 12. e3 cxd4 13. exd4 Rc7 14. Qe2 Qc8 15. cxd5 Bxd5 16. Rxc7 Qxc7 17. Rc1 Qb7 18. Bxd5 Nxd5 19. Qc4 N7f6 20. a4 Bb4 21. Ndf3 h6 22. Nd3 Be7 23. Nfe5 a5 24. h4 Re8 25. Rc2 Bf8 26. Qc6 Qxc6 27. Rxc6 Rd8 28. Nc4 Rb8 1/2-1/2

[Event "Verbandsliga Suedbaden 1819"]
[Site "Baden"]
[Date "2019.01.27"]
[Round "5.6"]
[White "Feisst, Simon Anton"]
[Black "Gross, Markus"]
[Result "1/2-1/2"]
[WhiteElo "2138"]
[BlackElo "2034"]
[PlyCount "97"]
[EventDate "2018.10.14"]
[EventType "team-tourn"]
[EventRounds "9"]
[EventCountry "GER"]
[SourceTitle "EXT 2020"]
[Source "ChessBase"]
[SourceDate "2019.10.17"]
[SourceVersion "1"]
[SourceVersionDate "2019.10.17"]
[SourceQuality "1"]
[WhiteTeam "Baden-Baden IV"]
[BlackTeam "Heitersheim"]
[WhiteTeamCountry "GER"]
[BlackTeamCountry "GER"]

1. d4 Nf6 2. Nf3 e6 3. Bg5 Be7 4. Nbd2 d5 5. e3 Nbd7 6. Bd3 c5 7. c3 0-0 8. 0-0 b6 9. Ne5 Nxe5 10. dxe5 Nd7 11. Bxe7 Qxe7 12. f4 f5 13. Qh5 g6 14. Qh6 Bb7 15. Rad1 Rfd8 16. a3 Nf8 17. Rfe1 Rac8 18. h4 Rc7 19. Qg5 Qxg5 20. hxg5 c4 21. Be2 Nd7 22. Nf3 Kf7 23. Nd4 a6 24. Kf2 Nc5 25. g4 Rh8 26. Rh1 Ne4+ 27. Kg2 Bc8 28. gxf5 exf5 29. Rh6 Nc5 30. Rdh1 Kg7 31. Bf3 Bb7 32. Be2 Re7 33. Rd1 Ne6 34. Nf3 b5 35. Kf2 Nc5 36. Nd4 Ne6 37. Nf3 Nc5 38. Rdh1 Ne4+ 39. Kg2 Nc5 40. Rd1 Rd8 41. Kf1 Ne4 42. Kg2 Nc5 43. Rb1 Ne4 44. Bd1 Nc5 45. Bc2 Bc8 46. Rbh1 Rh8 47. Nh4 Ree8 48. Nf3 Re7 49. Nh4 1/2-1/2

[Event "Verbandsliga Suedbaden 1718"]
[Site "Baden"]
[Date "2018.03.11"]
[Round "7.7"]
[White "Litfin, Boris"]
[Black "Gross, Markus"]
[Result "1-0"]
[WhiteElo "1978"]
[BlackElo "2034"]
[PlyCount "77"]
[EventDate "2017.10.08"]
[EventType "team-tourn"]
[EventRounds "9"]
[EventCountry "GER"]
[SourceTitle "EXT 2019"]
[Source "ChessBase"]
[SourceDate "2018.10.10"]
[SourceVersion "1"]
[SourceVersionDate "2018.10.10"]
[SourceQuality "1"]
[WhiteTeam "Emmendingen II"]
[BlackTeam "Heitersheim"]
[WhiteTeamCountry "GER"]
[BlackTeamCountry "GER"]

1. e4 e6 2. d3 d5 3. Nd2 c5 4. Ngf3 g6 5. g3 Bg7 6. Bg2 Ne7 7. 0-0 0-0 8. e5 Nbc6 9. Re1 Qc7 10. Qe2 Nf5 11. c3 b6 12. Nf1 a5 13. Bf4 Ba6 14. Rad1 c4 15. d4 b5 16. h4 b4 17. N1h2 bxc3 18. bxc3 Rab8 19. Ng4 Qe7 20. Nf6+ Kh8 21. g4 Nh6 22. Ng5 Rb5 23. Ngxh7 Rfb8 24. Bxh6 Bxh6 25. g5 Bg7 26. h5 Bxf6 27. gxf6 Qd7 28. Ng5 Kg8 29. Bh3 Nd8 30. Qg4 Rb2 31. Re3 Qa4 32. hxg6 fxg6 33. Rf1 Qc2 34. Qh4 R8b7 35. f7+ Rxf7 36. Nxf7 Nxf7 37. Bxe6 Rb7 38. Bxd5 Rd7 39. Be4 1-0

[Event "Verbandsliga Suedbaden 1718"]
[Site "Baden"]
[Date "2017.12.03"]
[Round "3.6"]
[White "Gross, Markus"]
[Black "Plaul, Eckart"]
[Result "0-1"]
[WhiteElo "2034"]
[BlackElo "2041"]
[PlyCount "136"]
[EventDate "2017.10.08"]
[EventType "team-tourn"]
[EventRounds "9"]
[EventCountry "GER"]
[SourceTitle "EXT 2019"]
[Source "ChessBase"]
[SourceDate "2018.10.10"]
[SourceVersion "1"]
[SourceVersionDate "2018.10.10"]
[SourceQuality "1"]
[WhiteTeam "Heitersheim"]
[BlackTeam "Sasbach"]
[WhiteTeamCountry "GER"]
[BlackTeamCountry "GER"]

1. c4 e5 2. g3 Nf6 3. Bg2 c6 4. d4 e4 5. Nc3 d5 6. cxd5 cxd5 7. Bg5 Bb4 8. a3 Bxc3+ 9. bxc3 Nc6 10. Nh3 0-0 11. 0-0 h6 12. Bxf6 Qxf6 13. Nf4 Qd6 14. Qb3 Rd8 15. e3 b6 16. Rfe1 Ba6 17. f3 Bc4 18. Qb2 f5 19. fxe4 fxe4 20. Bf1 Na5 21. Qb4 Bxf1 22. Rxf1 Nc4 23. Ng2 Nd2 24. Qxd6 Rxd6 25. Rf2 Nf3+ 26. Kh1 Rc8 27. Rc2 Rdc6 28. Rac1 g5 29. a4 Rc4 30. a5 bxa5 31. Ne1 Nxe1 32. Rxe1 Rxc3 33. Ra2 Rc2 34. Rxa5 Rb2 35. Rxd5 Rcc2 36. Rd8+ Kg7 37. Rd7+ Kg6 38. Rd6+ Kg7 39. Rd7+ Kg6 40. Rd6+ Kh5 41. g4+ Kxg4 42. Rxh6 Rf2 43. d5 Rbd2 44. d6 a5 45. Rg1+ Kf3 46. Re1 Rfe2 47. Rf1+ Kxe3 48. Rh3+ Kd4 49. d7 Ke5 50. Rh5 Ke6 51. Rxg5 Rxh2+ 52. Kg1 Kxd7 53. Re1 Rh4 54. Rxa5 Rg4+ 55. Kf1 Rf4+ 56. Kg1 Ke6 57. Rb1 Rd5 58. Rxd5 Kxd5 59. Rd1+ Kc4 60. Rd8 Kc3 61. Rd7 e3 62. Re7 Kd2 63. Rd7+ Ke1 64. Re7 Rg4+ 65. Kh2 e2 66. Re5 Kd2 67. Rd5+ Ke3 68. Re5+ Re4 0-1

[Event "Verbandsliga Suedbaden 1617"]
[Site "Baden"]
[Date "2017.05.14"]
[Round "9.6"]
[White "Gross, Markus"]
[Black "Schulz, Vladimir"]
[Result "0-1"]
[WhiteElo "2034"]
[BlackElo "2137"]
[PlyCount "118"]
[EventDate "2016.10.09"]
[EventType "team-tourn"]
[EventRounds "9"]
[EventCountry "GER"]
[SourceTitle "EXT 2022"]
[Source "ChessBase"]
[SourceDate "2021.10.06"]
[SourceVersion "1"]
[SourceVersionDate "2021.10.06"]
[SourceQuality "1"]
[WhiteTeam "Heitersheim"]
[BlackTeam "Baden Baden III"]
[WhiteTeamCountry "GER"]
[BlackTeamCountry "GER"]

1. d4 Nf6 2. Nf3 c5 3. c3 b6 4. Bf4 Bb7 5. e3 d6 6. h3 Nbd7 7. Nbd2 g6 8. Be2 Bg7 9. 0-0 0-0 10. a4 Re8 11. Bh2 Ne4 12. Nxe4 Bxe4 13. Nd2 Bb7 14. Bf3 d5 15. Be2 e5 16. dxe5 Nxe5 17. Nf3 d4 18. Bxe5 Bxe5 19. cxd4 cxd4 20. exd4 Bc7 21. Rc1 Qd6 22. g3 Re7 23. Ne5 Qe6 24. Bf3 Bxe5 25. Bxb7 Rd8 26. Bg2 Rxd4 27. Qe2 Rxa4 28. Rfd1 Rd4 29. Rxd4 Bxd4 30. Qd2 Bc5 31. b4 Rd7 32. Qc3 Bd4 33. Qc6 Rd6 34. Qc8+ Kg7 35. Qxe6 Rxe6 36. Bf1 a5 37. bxa5 bxa5 38. Rc2 Rf6 39. Rd2 Bc5 40. Rc2 Bb6 41. Rb2 a4 42. Bc4 a3 43. Re2 h5 44. Kg2 Bd4 45. Rd2 Bb6 46. Re2 Rc6 47. Bd5 Rc5 48. Bb3 Rc3 49. Bd5 Bc5 50. Ba2 f5 51. h4 Bd6 52. f4 Bb4 53. Bd5 Rd3 54. Bc4 Rd2 55. Kf3 Rxe2 56. Kxe2 Kf6 57. Bb3 Ke7 58. Ke3 Be1 59. Kf3 Kd6 0-1

[Event "Verbandsliga Suedbaden 1617"]
[Site "Baden"]
[Date "2016.11.20"]
[Round "3.8"]
[White "Stulz, Joachim"]
[Black "Gross, Markus"]
[Result "1/2-1/2"]
[WhiteElo "2000"]
[BlackElo "2034"]
[PlyCount "43"]
[EventDate "2016.10.09"]
[EventType "team-tourn"]
[EventRounds "9"]
[EventCountry "GER"]
[SourceTitle "EXT 2022"]
[Source "ChessBase"]
[SourceDate "2021.10.06"]
[SourceVersion "1"]
[SourceVersionDate "2021.10.06"]
[SourceQuality "1"]
[WhiteTeam "Lahr"]
[BlackTeam "Heitersheim"]
[WhiteTeamCountry "GER"]
[BlackTeamCountry "GER"]

1. d4 e6 2. Bf4 Nf6 3. e3 d5 4. Be2 Bd6 5. Bxd6 Qxd6 6. Nd2 0-0 7. Ngf3 Nbd7 8. c4 c6 9. 0-0 Qe7 10. Qc2 e5 11. Nxe5 Nxe5 12. dxe5 Qxe5 13. cxd5 Nxd5 14. a3 Nf6 15. Nf3 Qe7 16. Nd4 Be6 17. Bf3 Rfe8 18. Rac1 Bd5 19. Rfd1 Bxf3 20. Nxf3 Rad8 21. h3 h6 22. Qa4 1/2-1/2

[Event "Mittelfranken-chTB2a 1314"]
[Site "Mittelfranken"]
[Date "2014.05.04"]
[Round "9.4"]
[White "Gross, Markus"]
[Black "Hetterich, Norbert"]
[Result "1/2-1/2"]
[WhiteElo "1554"]
[BlackElo "1822"]
[PlyCount "40"]
[EventDate "2013.10.20"]
[EventType "team-tourn"]
[EventRounds "9"]
[EventCountry "GER"]
[SourceTitle "EXT 2020"]
[Source "ChessBase"]
[SourceDate "2019.10.17"]
[SourceVersion "1"]
[SourceVersionDate "2019.10.17"]
[SourceQuality "1"]
[WhiteTeam "Dinkelsbuehl Wassertruedingen"]
[BlackTeam "Anderssen/78 Nuernberg"]
[WhiteTeamCountry "GER"]
[BlackTeamCountry "GER"]

1. e4 c5 2. Nf3 e6 3. Bc4 a6 4. 0-0 b5 5. Be2 Bb7 6. d3 Qc7 7. Bg5 f6 8. Bh4 Ne7 9. Bg3 e5 10. Nh4 d6 11. f4 Nd7 12. Nd2 0-0-0 13. f5 g6 14. a4 g5 15. Nhf3 h5 16. h4 gxh4 17. Nxh4 Bh6 18. Be1 Be3+ 19. Bf2 Bg5 20. c3 Rdg8 1/2-1/2

[Event "Baden-ch"]
[Site "Haslach im Kinzigtal"]
[Date "2010.06.04"]
[Round "7"]
[White "Gross, Markus"]
[Black "Ruff, Maximilian"]
[Result "1/2-1/2"]
[WhiteElo "2065"]
[BlackElo "2030"]
[PlyCount "23"]
[EventDate "2010.05.31"]
[EventType "swiss"]
[EventRounds "9"]
[EventCountry "GER"]
[SourceTitle "EXT 2011"]
[Source "ChessBase"]
[SourceDate "2010.11.26"]
[SourceVersion "1"]
[SourceVersionDate "2010.11.26"]
[SourceQuality "1"]

1. d4 Nf6 2. Bg5 d5 3. e3 e6 4. Nf3 c5 5. c3 Nc6 6. Nbd2 Be7 7. Bd3 h6 8. Bh4 0-0 9. 0-0 b6 10. Qe2 Bb7 11. Rfe1 Re8 12. Rad1 1/2-1/2

[Event "Balatonlelle op"]
[Site "Balatonlelle"]
[Date "2006.06.23"]
[Round "7"]
[White "Gross, Markus"]
[Black "Vospernik, Andrej"]
[Result "0-1"]
[WhiteElo "2106"]
[BlackElo "2202"]
[PlyCount "86"]
[EventDate "2006.06.17"]
[EventType "swiss"]
[EventRounds "9"]
[EventCountry "HUN"]
[SourceTitle "CBM 112 Extra"]
[Source "ChessBase"]
[SourceDate "2006.07.14"]
[SourceVersion "1"]
[SourceVersionDate "2006.07.14"]
[SourceQuality "1"]

1. d4 Nf6 2. Nf3 c5 3. c3 d5 4. Qb3 Nc6 5. Bf4 e6 6. e3 Bd6 7. Bg3 Ne4 8. Nbd2 f5 9. Bb5 0-0 10. Bxd6 Qxd6 11. 0-0 Rf6 12. Bxc6 bxc6 13. Nxe4 fxe4 14. Ne5 Ba6 15. Rfd1 cxd4 16. cxd4 Rb8 17. Qc3 Rf5 18. Qxc6 Qxc6 19. Nxc6 Rb7 20. Rac1 Rg5 21. b3 Be2 22. Rd2 Bf3 23. g3 h5 24. Ne5 h4 25. Rdc2 hxg3 26. fxg3 a5 27. Rc8+ Kh7 28. Ra8 Rf5 29. Rcc8 Kh6 30. Rxa5 Be2 31. Raa8 Rxe5 32. dxe5 Kh5 33. h3 Kg5 34. Rc2 Bd3 35. Rb2 Rc7 36. b4 d4 37. exd4 e3 38. d5 exd5 39. Ra3 Rc1+ 40. Kh2 Be4 41. Rg2 e2 42. Re3 e1Q 43. Rxe1 Rxe1 0-1

[Event "Balatonlelle op"]
[Site "Balatonlelle"]
[Date "2006.06.22"]
[Round "6"]
[White "Kragelj, Igor"]
[Black "Gross, Markus"]
[Result "1-0"]
[WhiteElo "2260"]
[BlackElo "2106"]
[PlyCount "83"]
[EventDate "2006.06.17"]
[EventType "swiss"]
[EventRounds "9"]
[EventCountry "HUN"]
[SourceTitle "CBM 112 Extra"]
[Source "ChessBase"]
[SourceDate "2006.07.14"]
[SourceVersion "1"]
[SourceVersionDate "2006.07.14"]
[SourceQuality "1"]

1. d4 d5 2. c4 c6 3. Nf3 Nf6 4. Nc3 dxc4 5. a4 Bf5 6. Ne5 Nbd7 7. Nxc4 Nb6 8. Ne5 a5 9. g3 e6 10. Bg2 Bb4 11. 0-0 0-0 12. e3 Nfd7 13. e4 Bg6 14. Nxg6 hxg6 15. Na2 Qe7 16. Nxb4 axb4 17. Qb3 Qd6 18. Rd1 Rfd8 19. Bg5 Re8 20. a5 Nc8 21. Bd2 c5 22. dxc5 Nxc5 23. Qxb4 Na6 24. Qb3 Nc5 25. Qc3 Na6 26. e5 Qe7 27. h4 Rb8 28. Be3 Qb4 29. Qc2 Ne7 30. Ra4 Qb5 31. Bf1 Qc6 32. Rc4 Qb5 33. Rc5 Qb4 34. Rb5 Qg4 35. Be2 Qf5 36. Bd3 Qg4 37. Be2 Qf5 38. Qxf5 Nxf5 39. Ba7 Rbc8 40. Rxb7 Nc5 41. Bxc5 Rxc5 42. a6 1-0

[Event "Balatonlelle op-B"]
[Site "Balatonlelle "]
[Date "2005.06.26"]
[Round "9"]
[White "Szappanos, Lajos"]
[Black "Gross, Markus"]
[Result "1/2-1/2"]
[WhiteElo "1903"]
[BlackElo "2117"]
[PlyCount "26"]
[EventDate "2005.06.18"]
[EventType "swiss"]
[EventRounds "9"]
[EventCountry "HUN"]
[SourceTitle "EXT 2008"]
[Source "ChessBase"]
[SourceDate "2007.11.25"]
[SourceVersion "1"]
[SourceVersionDate "2007.11.25"]
[SourceQuality "1"]

1. e4 e6 2. d4 d5 3. Nc3 Bb4 4. e5 c5 5. a3 Bxc3+ 6. bxc3 Qc7 7. Qg4 f5 8. Qg3 cxd4 9. cxd4 Ne7 10. Bb5+ Bd7 11. Bxd7+ Nxd7 12. c3 0-0 13. Ne2 Rac8 1/2-1/2

[Event "Balatonlelle op-B"]
[Site "Balatonlelle "]
[Date "2005.06.22"]
[Round "5"]
[White "Gross, Markus"]
[Black "Ignacz, Rozsa"]
[Result "1/2-1/2"]
[WhiteElo "2117"]
[BlackElo "1877"]
[PlyCount "52"]
[EventDate "2005.06.18"]
[EventType "swiss"]
[EventRounds "9"]
[EventCountry "HUN"]
[SourceTitle "EXT 2008"]
[Source "ChessBase"]
[SourceDate "2007.11.25"]
[SourceVersion "1"]
[SourceVersionDate "2007.11.25"]
[SourceQuality "1"]

1. c4 c5 2. Nc3 Nc6 3. g3 g6 4. Bg2 Bg7 5. Nf3 Nf6 6. 0-0 0-0 7. d4 cxd4 8. Nxd4 Nxd4 9. Qxd4 d6 10. Qd3 a6 11. h3 Qc7 12. b3 Be6 13. Bb2 Rac8 14. Rac1 Qd7 15. Kh2 Rfd8 16. e4 Rc5 17. h4 Ng4+ 18. Kg1 Ne5 19. Qe2 Bh3 20. Ba3 Rc6 21. Rfd1 Bxg2 22. Kxg2 Qe8 23. Nd5 Rdc8 24. Nb4 R6c7 25. Nd5 Rc6 26. Nb4 R6c7 1/2-1/2

[Event "Balatonlelle op-B"]
[Site "Balatonlelle "]
[Date "2005.06.21"]
[Round "4"]
[White "Birkas, Gyorgy"]
[Black "Gross, Markus"]
[Result "1/2-1/2"]
[WhiteElo "1939"]
[BlackElo "2117"]
[PlyCount "48"]
[EventDate "2005.06.18"]
[EventType "swiss"]
[EventRounds "9"]
[EventCountry "HUN"]
[SourceTitle "EXT 2008"]
[Source "ChessBase"]
[SourceDate "2007.11.25"]
[SourceVersion "1"]
[SourceVersionDate "2007.11.25"]
[SourceQuality "1"]

1. e4 e6 2. d4 d5 3. Nd2 c5 4. exd5 exd5 5. Ngf3 Nf6 6. Bb5+ Bd7 7. Qe2+ Be7 8. 0-0 0-0 9. dxc5 Bxc5 10. Bxd7 Nbxd7 11. Nb3 Bb6 12. Bg5 Qc7 13. c3 Ne4 14. Be3 Rfe8 15. Bxb6 Qxb6 16. Qc2 Ndc5 17. Nxc5 Qxc5 18. Rad1 Nf6 19. Rd4 Re4 20. Rfd1 Rae8 21. h3 Re2 22. R1d2 Qb5 23. a4 Qa6 24. Qd3 Qxd3 1/2-1/2